00712nam a2200193Ia 4500003000900000008004100009020001800050040001600068080001700084245012000101260003800221300001500259490006100274650003000335700003500365942000700400999001700407952009400424IN-BaIIA211028s9999 xx 000 0 eng d a981-02-4006-6 cIIA Library a53(081)bQUA 2aA quantum legacybseminal papers of Julian Schwingercedited by Kimball A. Milton  aSingaporebWorld Scientificc2000 axiv, 793p. aWorld scientific series in 20th century physics; vol. 26 aTheoretical physics91581 aMilton, Kimball A., ed.924081 cBK c13707d13707 00104070aBANbBANcGENd0000-00-00l0o53(081)/ QUAp14626r2021-11-05w0000-00-00yBK